Basic marketing : a marketing strategy planning approach
Saved in:
| Main Author: | |
|---|---|
| Format: | Book |
| Language: | English |
| Published: |
McGraw-Hill
2014
|
| Tags: |
Add Tag
No Tags, Be the first to tag this record!
|
MARC
| LEADER | 00000nam a22000007a 4500 | ||
|---|---|---|---|
| 008 | 201210b ||||| |||| 00| 0 eng d | ||
| 020 | |a 978-125-906076-2 | ||
| 100 | |a PERREAULT, William D. |a Cannon, Joseph P. |a McCarthy, E. Jerome | ||
| 245 | |a Basic marketing |b : a marketing strategy planning approach |c William D. Perreault, Joseph P. Cannon, E. Jerome McCarthy |g xl, 726p. | ||
| 250 | |b 19th ed. | ||
| 260 | |b McGraw-Hill |c 2014 |h New York |i 689830 |l HF5415 .P41 |m Marketing – Management. | ||
| 942 | |a lcc |c BK |e Kuteyi, M. A. |f 10/12/2020 | ||
| 952 | |0 0 |1 0 |2 lcc |4 0 |6 HF5415 P41 |7 0 |9 391 |a HOL |b HOL |c GJ |d 2020-12-10 |l 0 |o HF5415 .P41 |p 2020-2124 |r 2020-12-10 00:00:00 |w 2020-12-10 |y BK | ||
| 999 | |c 188 |d 188 | ||